000 00463nam a2200193Ia 4500
005 20250603144549.0
008 250603s9999 xx 000 0 und d
020 _a9781292021553
050 _aLB 1060.2 .Z57/
100 _aZirpoli, Thomas J.
245 0 _aBehavior management : positive applications for teachers
250 _a6th ed.
260 _aHarlow
260 _bPearson
260 _c2014
300 _a460 p
650 _aHarlow
942 _cBK
999 _c39293
_d39293